The Routledge Encyclopedia of Technology and the Humanities (Record no. 757702)

MARC details
000 -LEADER
fixed length control field 00432nam a22001457a 4500
008 - FIXED-LENGTH DATA ELEMENTS--GENERAL INFORMATION
fixed length control field 260317b |||||||| |||| 00| 0 eng d
020 ## - INTERNATIONAL STANDARD BOOK NUMBER
International Standard Book Number 9781032049410
082 ## - DEWEY DECIMAL CLASSIFICATION NUMBER
Classification number 303.483 SIN
100 ## - MAIN ENTRY--PERSONAL NAME
Personal name Chan Sin-wai
9 (RLIN) 11930
245 ## - TITLE STATEMENT
Title The Routledge Encyclopedia of Technology and the Humanities
260 ## - PUBLICATION, DISTRIBUTION, ETC.
Place of publication, distribution, etc. New York
Name of publisher, distributor, etc. Routledge
Date of publication, distribution, etc. 2024
300 ## - PHYSICAL DESCRIPTION
Extent 368 p
942 ## - ADDED ENTRY ELEMENTS (KOHA)
Source of classification or shelving scheme Dewey Decimal Classification
Classification part 303.483 SIN
Holdings
Withdrawn status Lost status Source of classification or shelving scheme Damaged status Not for loan Collection code Home library Current library Date acquired Total Checkouts Full call number Barcode Date last seen Price effective from Koha item type
    Dewey Decimal Classification     Reference Institute of English Institute of English 17/03/2026   303.483 SIN(CR) ENG16721 17/03/2026 17/03/2026 Reference